Lalu bersama angin : (Record no. 63166)

MARC details
000 -LEADER
fixed length control field 00688nam a2200253 i 4500
001 - CONTROL NUMBER
control field C2-0249765
003 - CONTROL NUMBER IDENTIFIER
control field PPAK
005 - DATE AND TIME OF LATEST TRANSACTION
control field 20180727213619.0
008 - FIXED-LENGTH DATA ELEMENTS--GENERAL INFORMATION
fixed length control field 030604s1993 io |||| ||||| | may d
020 ## - INTERNATIONAL STANDARD BOOK NUMBER
International Standard Book Number 9795116851
040 ## - CATALOGING SOURCE
Original cataloging agency PPAK
Language of cataloging eng
Transcribing agency PPAK
Description conventions rda
082 04 - DEWEY DECIMAL CLASSIFICATION NUMBER
Classification number 823
Edition number 23
090 00 - LOCALLY ASSIGNED LC-TYPE CALL NUMBER (OCLC); LOCAL CALL NUMBER (RLIN)
Classification number (OCLC) (R) ; Classification number, CALL (RLIN) (NR) 823
Feature heading MIT
Feature heading G
Classification number (OCLC) (R) ; Classification number, CALL (RLIN) (NR) 823
Feature heading MIT
Feature heading K
100 1# - MAIN ENTRY--PERSONAL NAME
Personal name Mitchell, Margaret,
Relator term author
245 10 - TITLE STATEMENT
Title Lalu bersama angin :
Remainder of title gone with the wind
264 #1 - PRODUCTION, PUBLICATION, DISTRIBUTION, MANUFACTURE, AND COPYRIGHT NOTICE
Place of production, publication, distribution, manufacture Jakarta, Indonesia :
Name of producer, publisher, distributor, manufacturer Gramedia Pustaka Utama ,
Date of production, publication, distribution, manufacture, or copyright notice 1993
300 ## - PHYSICAL DESCRIPTION
Extent 441 pages ;
Dimensions 18 cm
336 ## - CONTENT TYPE
Source rdacontent
Content type term text
337 ## - MEDIA TYPE
Source rdamedia
Media type term unmediated
338 ## - CARRIER TYPE
Source rdacarrier
Carrier type term volume
650 10 - SUBJECT ADDED ENTRY--TOPICAL TERM
Topical term or geographic name entry element Malay fiction
942 ## - ADDED ENTRY ELEMENTS (KOHA)
-- dc
Koha item type Book
Holdings
Withdrawn Not for loan Current library Shelving location Date acquired Full call number Barcode Date last seen Koha item type Total Checkouts
    Perpustakaan Jitra Pinjaman Dewasa 14/02/2004 823 MIT A00842638 08/05/2018 Book  
    Perpustakaan Langkawi Pinjaman Dewasa 17/08/2005 823 MIT A00353577 08/05/2018 Book  
    Perpustakaan Yan Pinjaman Dewasa 18/02/2019 823 MIT A00161777 18/02/2019 Book  
    Perpustakaan Yan Pinjaman Dewasa 19/02/2019 823 MIT A00161847 19/02/2019 Book  
    PD30, Bandar Baru Beris Jaya, Sik Pinjaman Dewasa 13/09/2004 823 MIT A00316291 08/05/2018 Book